Communication systems

This undergraduate textbook has been revised to include updated information on digital communication, while preserving its introduction to Fourier analysis. In addition, a new appendix has been added on cryptography

Na minha lista:
Detalhes bibliográficos
Autor principal: Haykin, Simon S.
Formato: Livro
Idioma:Undetermined
Publicado em: New York John Wiley & Son 1983
Assuntos:
Tags: Adicionar Tag
Sem tags, seja o primeiro a adicionar uma tag!
Thư viện lưu trữ: Trung tâm Học liệu Trường Đại học Cần Thơ
LEADER 00804nam a2200193Ia 4500
001 CTU_220539
008 210402s9999 xx 000 0 und d
082 |a 621.380413 
082 |b H419 
100 |a Haykin, Simon S. 
245 0 |a Communication systems 
245 0 |c Simon Haykin 
260 |a New York 
260 |b John Wiley & Son 
260 |c 1983 
520 |a This undergraduate textbook has been revised to include updated information on digital communication, while preserving its introduction to Fourier analysis. In addition, a new appendix has been added on cryptography 
650 |a Telecommunication,Viễn thông,Signal theory (Telecommunication),Lý thuyết tín hiệu (Viễn thông) 
904 |i Nguyên 
980 |a Trung tâm Học liệu Trường Đại học Cần Thơ